000 00418nam a2200193Ia 4500
008 240510s9999 xx 000 0 und d
020 _a0000078818699
041 _aEng
082 _a006.7
082 _bV18
100 _aVAUGHAN, T.
245 0 _aMultimedia Making it Work
260 _bOsborne Mc-Graw Hill
260 _c1993
300 _a477 p.
650 _aMULTIMEDIA
942 _2ddc
942 _cLBK
999 _c24569
_d24569
945 _a1
_bMadushi Gamage
_c1
_dMadushi Gamage